Fútbol Chileno 2025 - Estadísticas

Estadísticas generales
  • Esta prueba ha sido intentada 83 veces
  • La puntuación promedio es 43 de 88
Estadísticas de respuestas
Categoría Equipo % Correcto
Primera A Colo Colo
100%
Primera A Universidad de Chile
100%
Primera A Universidad Católica
98%
Primera A Cobresal
95%
Primera A Huachipato
95%
Primera B Cobreloa
93%
Tercera B Audax de Paipote
91%
Primera A Audax Italiano
91%
Primera A Coquimbo Unido
91%
Primera A Palestino
91%
Primera A Deportes Iquique
90%
Primera A Everton
88%
Primera A Ohiggins
88%
Primera B Santiago Wanderers
88%
Primera A Unión Española
88%
Primera B Universidad de Concepción
86%
Primera A Ñublense
84%
Primera B Deportes Concepción
83%
Primera A Deportes Limache
83%
Primera A Deportes La Serena
81%
Primera A Unión La Calera
81%
Primera B Rangers
79%
Primera B Santiago Morning
79%
Primera B Deportes Temuco
78%
Primera B San Marcos de Arica
78%
Segunda Deportes Puerto Montt
74%
Primera B Deportes Antofagasta
72%
Primera B Deportes Copiapó
69%
Primera B Magallanes
69%
Primera B Unión San Felipe
69%
Primera B Curicó Unido
67%
Primera B San Luis
66%
Primera B Deportes Recoleta
59%
Segunda Provincial Osorno
57%
Segunda Santiago City
57%
Tercera A Lota Schwager
53%
Segunda Barnechea
52%
Segunda Deportes Melipilla
52%
Primera B Deportes Santa Cruz
52%
Tercera B Deportes Valdivia
52%
Tercera A Naval
45%
Tercera A Atlético Colina
41%
Tercera A Chimbarongo
41%
Segunda San Antonio Unido
41%
Segunda Trasandino
41%
Segunda Deportes Linares
38%
Tercera A Lautaro de Buin
38%
Tercera A Malleco Unido
38%
Segunda Brujas de Salamanca
36%
Tercera A Colchagua
36%
Segunda Concón National
34%
Segunda Real San Joaquín
33%
Tercera B Rodelindo Román
33%
Segunda Deportes Rengo
31%
Segunda General Velásquez
31%
Tercera A Municipal Puente Alto
31%
Tercera A Comunal Cabrero
28%
Tercera B Deportes Vallenar
28%
Segunda Provincial Ovalle
28%
Tercera B Tricolor de Paine
28%
Tercera A Imperial Unido
26%
Tercera B Provincial Talagante
26%
Tercera A Quintero Unido
26%
Tercera A Municipal Mejillones
24%
Tercera A Deportes Quillón
22%
Tercera A Aguará
21%
Tercera A Constitución Unido
21%
Tercera B Curacaví FC
19%
Tercera B Deportes Rancagua
19%
Tercera B Deportivo Gol y Gol
19%
Tercera B CSD Ovalle
17%
Tercera B Cultural Maipú
17%
Tercera B Ferroviarios
17%
Tercera B Rancagua Sur
17%
Tercera B Araucano Unido
16%
Tercera B Deportes Laja Histórico
16%
Tercera B Municipal Paillaco
16%
Tercera B Nacimiento
16%
Tercera B Unión Compañias
16%
Tercera B Atlético Oriente
14%
Tercera B Cajón del Maipo
14%
Tercera B CEFF Copiapó
14%
Tercera B Futuro FC
14%
Tercera B Internacional de Santiago
14%
Tercera B Julio Covarrubias
14%
Tercera B Pilmahue
14%
Tercera B República Independiente de Hualqui
14%
Tercera B Deportivo Pumanque
12%
No se encontraron pruebas coincidentes
Distribución de puntuación
Porcentaje de gente con cada puntuación
Porcentaje por número respondido
Historial de tus puntuaciones
No has intentado esta prueba.